[Event "Araraquara op 2nd"]
[Site "Araraquara"]
[Date "2024.02.10"]
[Round "1"]
[White "Trombini, Fabio"]
[Black "Janas, Alexandre Pedroso"]
[Result "1-0"]
[WhiteElo "1800"]
[BlackElo "1800"]
[PlyCount "39"]
[EventDate "2024.02.10"]
[EventType "swiss"]
[EventRounds "7"]
[EventCountry "BRA"]
[SourceTitle "CB09_2024"]
[SourceDate "2024.02.28"]
[SourceVersion "1"]
[SourceVersionDate "2024.02.28"]
[SourceQuality "1"]

1. c4 c5 2. Nf3 Nf6 3. d4 cxd4 4. Nxd4 Nc6 5. g3 g6 6. Bg2 Bg7 7. 0-0 0-0 8. Nc3 Ne8 9. Be3 a6 10. Bxc6 Bxd4 11. Qxd4 Ng7 12. Bg2 Nf5 13. Qd3 Nxe3 14. Qxe3 Rb8 15. Qa7 Qc7 16. Nd5 Qe5 17. f4 Qd6 18. c5 Ra8 19. cxd6 Rxa7 20. dxe7 1-0

[Event "Niteroi op 3rd"]
[Site "Niteroi"]
[Date "2023.09.09"]
[Round "8"]
[White "Vieira, Jackson Cardoso De "]
[Black "Trombini, Fabio"]
[Result "1/2-1/2"]
[WhiteElo "1630"]
[BlackElo "1868"]
[PlyCount "121"]
[EventDate "2023.09.04"]
[EventType "swiss"]
[EventRounds "9"]
[EventCountry "BRA"]
[SourceTitle "EXT 2024"]
[Source "ChessBase"]
[SourceDate "2023.10.10"]
[SourceVersion "1"]
[SourceVersionDate "2023.10.10"]
[SourceQuality "1"]

1. d4 d5 2. Bg5 h6 3. Bh4 c6 4. Nf3 Qb6 5. Qc1 Bf5 6. e3 Nd7 7. Nbd2 e6 8. c4 Ngf6 9. Be2 g5 10. Bg3 Nh5 11. Be5 Nxe5 12. Nxe5 Ng7 13. h4 f6 14. Nd3 Rh7 15. a3 Bg6 16. b4 Nf5 17. hxg5 hxg5 18. Rxh7 Bxh7 19. Bh5+ Kd8 20. Qc3 a5 21. c5 axb4 22. axb4 Rxa1+ 23. Qxa1 Qa6 24. Qxa6 bxa6 25. Be2 Kc7 26. Nc1 Kb7 27. Ncb3 Ne7 28. Bg4 Bf5 29. Na5+ Ka7 30. Bxf5 exf5 31. Ke2 Kb8 32. Kf3 Kc7 33. g4 fxg4+ 34. Kxg4 Kd7 35. Nf1 Ke6 36. Ng3 Bh6 37. Kh5 Bg7 38. f3 f5 39. Ne2 Bf6 40. Nb7 Nc8 41. f4 g4 42. Ng3 Na7 43. Nd6 Nb5 44. Nxb5 axb5 45. Kg6 Bh4 46. Nxf5 Bf2 47. Kg5 g3 48. Nh4 Bxe3 49. Kg4 Bxd4 50. Kxg3 Bc3 51. Ng6 Kf6 52. Nf8 Kf5 53. Nd7 Bxb4 54. Ne5 Bxc5 55. Nxc6 Be3 56. Kf3 Bxf4 57. Nd4+ Ke5 58. Nxb5 Bh6 59. Ke2 Bf8 60. Kd3 Bc5 61. Nc3 1/2-1/2

[Event "Niteroi op 3rd"]
[Site "Niteroi"]
[Date "2023.09.05"]
[Round "3"]
[White "Trombini, Fabio"]
[Black "Da Silva, Paolo Ghiu M Rego"]
[Result "0-1"]
[WhiteElo "1868"]
[BlackElo "2154"]
[PlyCount "75"]
[EventDate "2023.09.04"]
[EventType "swiss"]
[EventRounds "9"]
[EventCountry "BRA"]
[SourceTitle "EXT 2024"]
[Source "ChessBase"]
[SourceDate "2023.10.10"]
[SourceVersion "1"]
[SourceVersionDate "2023.10.10"]
[SourceQuality "1"]

1. b3 d5 2. Bb2 c5 3. e3 Nf6 4. Nf3 e6 5. c4 Nc6 6. cxd5 exd5 7. Bb5 Qb6 8. Bxc6+ Qxc6 9. 0-0 Be7 10. d4 b6 11. Qc2 0-0 12. Nbd2 Ba6 13. Rfc1 Qd7 14. Nf1 Rac8 15. dxc5 bxc5 16. Ng3 g6 17. Qc3 Rfd8 18. Rd1 Qe6 19. Rac1 d4 20. exd4 cxd4 21. Qd2 d3 22. Rxc8 Rxc8 23. Re1 Qd6 24. Qh6 Bf8 25. Qg5 Bg7 26. Be5 Qb6 27. Bd4 Qd6 28. Be5 Qd8 29. Rd1 h6 30. Qh4 Nd5 31. Qa4 Qb6 32. Bxg7 Kxg7 33. Qe4 Nc3 34. Qe5+ Qf6 35. Qxf6+ Kxf6 36. Rd2 Nb1 37. Rd1 Nc3 38. Rc1 0-1

[Event "Pindamonhangaba Rezende Memorial"]
[Site "Pindamonhangaba"]
[Date "2023.08.04"]
[Round "1"]
[White "Vaz, Vania Dora Madona"]
[Black "Trombini, Fabio"]
[Result "0-1"]
[WhiteElo "1242"]
[BlackElo "1869"]
[PlyCount "64"]
[EventDate "2023.08.04"]
[EventType "swiss"]
[EventRounds "6"]
[EventCountry "BRA"]
[SourceTitle "CBM 215 Extra"]
[Source "ChessBase"]
[SourceDate "2023.09.30"]
[SourceVersion "1"]
[SourceVersionDate "2023.09.30"]
[SourceQuality "1"]

1. e4 e5 2. Bc4 Nf6 3. d3 Nc6 4. c3 a6 5. a3 Be7 6. Nf3 0-0 7. 0-0 h6 8. Re1 b5 9. Ba2 d6 10. h3 Re8 11. Nbd2 Bf8 12. Nf1 Be6 13. Bxe6 Rxe6 14. Ng3 d5 15. exd5 Qxd5 16. d4 exd4 17. Rxe6 Qxe6 18. cxd4 Rd8 19. b4 Nd5 20. Bb2 Nb6 21. Qd2 Nc4 22. Qc3 Nxb2 23. Qxb2 Qd5 24. Rd1 g6 25. Ne2 Bg7 26. Nc3 Qc4 27. Ne2 h5 28. h4 Qd5 29. Qd2 a5 30. Nc3 Qc4 31. bxa5 Nxd4 32. Nxb5 Nxf3+ 0-1

[Event "Caioba op 7th"]
[Site "Caioba"]
[Date "2023.06.21"]
[Round "5"]
[White "Trombini, Fabio"]
[Black "Silva, Kaua Marques"]
[Result "1/2-1/2"]
[WhiteElo "1844"]
[BlackElo "2215"]
[PlyCount "104"]
[EventDate "2023.06.18"]
[EventType "swiss"]
[EventRounds "9"]
[EventCountry "BRA"]
[SourceTitle "CBM 214 Extra"]
[Source "ChessBase"]
[SourceDate "2023.07.31"]
[SourceVersion "1"]
[SourceVersionDate "2023.07.31"]
[SourceQuality "1"]

1. b3 e5 2. Bb2 Nc6 3. c4 g6 4. e3 Bg7 5. d4 d6 6. Nf3 e4 7. Ng1 f5 8. h4 Nf6 9. Nc3 h5 10. Nh3 Bh6 11. Nf4 Kf7 12. Qd2 Re8 13. 0-0-0 a5 14. Ncd5 Nxd5 15. Nxd5 a4 16. Kb1 axb3 17. axb3 Ne7 18. Nf4 Bxf4 19. exf4 d5 20. f3 exf3 21. gxf3 Qd6 22. Bd3 Qb6 23. Qc3 Nc6 24. cxd5 Nb4 25. Bc4 Qd6 26. Rhe1 Bd7 27. Re5 b5 28. Re6 Na2 29. Qd2 Qb4 30. Qg2 Bxe6 31. dxe6+ Ke7 32. Qxg6 Kd8 33. Qf7 Re7 34. Qf8+ Re8 35. Qf7 Qe7 36. Bxb5 Rf8 37. Qxe7+ Kxe7 38. Ba4 Nb4 39. Ba3 Rab8 40. d5 Rfd8 41. Bc6 Rb6 42. Rg1 Kf6 43. Bb2+ Ke7 44. Rg7+ Kd6 45. Be5+ Kc5 46. Bxc7 Rxc6 47. Bxd8 Nxd5 48. e7 Re6 49. Rg8 Re1+ 50. Kc2 Re2+ 51. Kd3 Nxf4+ 52. Kc3 Nd5+ 1/2-1/2

[Event "Rio de Janeiro op 2nd"]
[Site "Rio de Janeiro"]
[Date "2023.05.03"]
[Round "2"]
[White "Machado, Marcos Donizete"]
[Black "Trombini, Fabio"]
[Result "0-1"]
[WhiteElo "1493"]
[BlackElo "1853"]
[PlyCount "66"]
[EventDate "2023.05.02"]
[EventType "swiss"]
[EventRounds "9"]
[EventCountry "BRA"]
[SourceTitle "CBM 214 Extra"]
[Source "ChessBase"]
[SourceDate "2023.07.31"]
[SourceVersion "1"]
[SourceVersionDate "2023.07.31"]
[SourceQuality "1"]

1. e4 e5 2. Nf3 Nc6 3. Bb5 a6 4. Ba4 Nf6 5. 0-0 Be7 6. Re1 b5 7. Bb3 d6 8. c3 0-0 9. h3 Na5 10. Bc2 c5 11. d4 Qc7 12. Qe2 Nc6 13. dxe5 dxe5 14. Nbd2 h6 15. Nf1 Be6 16. Ne3 Rfd8 17. a4 c4 18. Nf1 b4 19. cxb4 Nd4 20. Nxd4 exd4 21. Qf3 Bxb4 22. Bd2 Bxd2 23. Nxd2 d3 24. Bb1 Qe5 25. Ba2 Rdc8 26. Qe3 Qxb2 27. Reb1 Qe5 28. f4 Nd5 29. Qe1 Nxf4 30. Nf3 Ne2+ 31. Kf1 Qxe4 32. Nd2 Qe3 33. Nf3 Bxh3 0-1

[Event "Pocos de Caldas op"]
[Site "Pocos de Caldas"]
[Date "2023.03.17"]
[Round "1"]
[White "Trombini, Fabio"]
[Black "Pittoli Murakami, Vinicius Eduardo Mo"]
[Result "1-0"]
[WhiteElo "1812"]
[BlackElo "1800"]
[PlyCount "123"]
[EventDate "2023.03.17"]
[EventType "swiss"]
[EventRounds "6"]
[EventCountry "BRA"]
[SourceTitle "EXT 2024"]
[Source "ChessBase"]
[SourceDate "2023.10.10"]
[SourceVersion "1"]
[SourceVersionDate "2023.10.10"]
[SourceQuality "1"]

1. d4 Nf6 2. c4 e6 3. Nf3 d5 4. Bg5 h6 5. Bh4 Be7 6. Nc3 Nbd7 7. e3 c5 8. cxd5 Nxd5 9. Bxe7 Qxe7 10. Nxd5 exd5 11. dxc5 Qxc5 12. Qd4 Qa5+ 13. b4 Qa3 14. Be2 0-0 15. 0-0 Nf6 16. Bd1 Be6 17. Bb3 Rac8 18. Nd2 Rfd8 19. Nb1 Qa6 20. Nc3 b6 21. Rfd1 Qb7 22. Rac1 a6 23. Na4 Rxc1 24. Rxc1 b5 25. Nc5 Qa8 26. Nxe6 fxe6 27. Qe5 Kf7 28. e4 Rc8 29. Rc7+ Rxc7 30. Qxc7+ Kg8 31. exd5 Nxd5 32. Qd7 Nxb4 33. Bxe6+ Kh8 34. Qd6 a5 35. a3 Nc2 36. Bf5 Qe8 37. g3 Ne1 38. Bd7 Nf3+ 39. Kg2 Qf7 40. Qb8+ Kh7 41. Qxb5 Ng5 42. Qf5+ Qxf5 43. Bxf5+ Kg8 44. f4 Nf7 45. Be6 g6 46. Kf3 Kg7 47. Bxf7 Kxf7 48. Ke4 Ke6 49. g4 a4 50. Kd4 Kd6 51. Kc4 Kc6 52. Kb4 Kd5 53. Kxa4 Ke4 54. f5 gxf5 55. gxf5 Kxf5 56. Kb5 Kg4 57. a4 Kh3 58. a5 Kxh2 59. a6 h5 60. a7 h4 61. a8Q h3 62. Qf3 1-0

[Event "Florianopolis op 9th"]
[Site "Florianopolis"]
[Date "2023.01.24"]
[Round "2"]
[White "Trombini, Fabio"]
[Black "Melian, Juan Sebastian"]
[Result "0-1"]
[WhiteElo "1861"]
[BlackElo "2197"]
[PlyCount "48"]
[EventDate "2023.01.23"]
[EventType "swiss"]
[EventRounds "10"]
[EventCountry "BRA"]
[SourceTitle "CBM 212 Extra"]
[Source "ChessBase"]
[SourceDate "2023.03.31"]
[SourceVersion "1"]
[SourceVersionDate "2023.03.31"]
[SourceQuality "1"]

1. b3 c5 2. e3 Nc6 3. Bb2 d6 4. d4 e6 5. Nf3 Nf6 6. c4 Be7 7. Nc3 0-0 8. Be2 cxd4 9. Nxd4 Qc7 10. 0-0 a6 11. Nxc6 bxc6 12. Qc2 e5 13. Rac1 Be6 14. Rfd1 Ne8 15. Qb1 Kh8 16. Nd5 cxd5 17. cxd5 Qb7 18. dxe6 fxe6 19. Bf3 Rxf3 20. gxf3 Qxf3 21. Qd3 Nf6 22. Qf1 Rf8 23. Rc2 Qg4+ 24. Kh1 Qe4+ 0-1

[Event "Varginha Mineiro-ch"]
[Site "Varginha"]
[Date "2020.09.06"]
[Round "5"]
[White "Sampaio, Andre Luiz"]
[Black "Trombini, Fabio"]
[Result "1/2-1/2"]
[WhiteElo "1707"]
[BlackElo "1872"]
[PlyCount "29"]
[EventDate "2020.09.04"]
[EventType "swiss"]
[EventRounds "7"]
[EventCountry "BRA"]
[SourceTitle "EXT 2021"]
[Source "ChessBase"]
[SourceDate "2020.10.23"]
[SourceVersion "1"]
[SourceVersionDate "2020.10.23"]
[SourceQuality "1"]

1. d4 d5 2. Nf3 Nf6 3. Bf4 c5 4. e3 Nc6 5. Nbd2 cxd4 6. exd4 Qb6 7. Nb3 Bg4 8. Be2 e6 9. 0-0 Be7 10. h3 Bh5 11. Re1 0-0 12. c3 Ne4 13. Ne5 Bxe2 14. Qxe2 Nxe5 15. Bxe5 1/2-1/2

[Event "Varginha Mineiro-ch"]
[Site "Varginha"]
[Date "2020.09.05"]
[Round "3"]
[White "Da Circuncisao, Neivaldo Jacob"]
[Black "Trombini, Fabio"]
[Result "0-1"]
[WhiteElo "1582"]
[BlackElo "1872"]
[PlyCount "66"]
[EventDate "2020.09.04"]
[EventType "swiss"]
[EventRounds "7"]
[EventCountry "BRA"]
[SourceTitle "EXT 2021"]
[Source "ChessBase"]
[SourceDate "2020.10.23"]
[SourceVersion "1"]
[SourceVersionDate "2020.10.23"]
[SourceQuality "1"]

1. d4 d5 2. Bf4 c5 3. e3 Nc6 4. Nf3 Nf6 5. Nbd2 cxd4 6. exd4 Bf5 7. c3 Qb6 8. Qb3 Qxb3 9. axb3 e6 10. b4 Nh5 11. Bg3 Nxg3 12. hxg3 Bd6 13. Nh4 Bg4 14. f4 g5 15. Nhf3 gxf4 16. b5 Ne7 17. Ne5 Bxe5 18. dxe5 fxg3 19. Rh4 h5 20. Ra4 Kd7 21. Bd3 Nf5 22. Bxf5 exf5 23. Rf4 Rae8 24. Nf3 f6 25. Rd4 Bxf3 26. gxf3 fxe5 27. Rxd5+ Ke6 28. Rc5 g2 29. Kf2 Rhg8 30. Kg1 Rd8 31. Rd4 exd4 32. c4 d3 33. f4 d2 0-1

[Event "Caxambu op"]
[Site "Caxambu"]
[Date "2020.03.06"]
[Round "1"]
[White "Trombini, Fabio"]
[Black "Fier, Alexandr"]
[Result "0-1"]
[WhiteElo "1875"]
[BlackElo "2542"]
[PlyCount "72"]
[EventDate "2020.03.06"]
[EventType "swiss"]
[EventRounds "6"]
[EventCountry "BRA"]
[SourceTitle "CBM 195 Extra"]
[Source "ChessBase"]
[SourceDate "2020.05.31"]
[SourceVersion "1"]
[SourceVersionDate "2020.05.31"]
[SourceQuality "1"]

1. Nf3 Nc6 2. e4 Nf6 3. Nc3 e5 4. d3 Bc5 5. Be2 d6 6. Na4 h6 7. Nxc5 dxc5 8. h3 Qd6 9. Be3 b6 10. Nd2 Be6 11. Bg4 Nxg4 12. hxg4 0-0-0 13. a3 Nd4 14. 0-0 Qd7 15. f3 h5 16. g5 f5 17. exf5 Nxf5 18. Bf2 h4 19. Ne4 h3 20. g3 h2+ 21. Kh1 Bd5 22. b4 c4 23. dxc4 Bxe4 24. Qxd7+ Rxd7 25. fxe4 Nd6 26. Rad1 Nxe4 27. Rxd7 Kxd7 28. Be1 Ke6 29. g6 Nf6 30. Bc3 Ng4 31. a4 Rh6 32. Rf7 Rxg6 33. Rxc7 Rg5 34. Rc8 Rf5 35. Rh8 Rf1+ 36. Kg2 Rg1+ 0-1

[Event "Varginha Mineiro-ch"]
[Site "Varginha"]
[Date "2019.11.16"]
[Round "4"]
[White "Crespo de Oliveira, Lucas"]
[Black "Trombini, Fabio"]
[Result "1-0"]
[WhiteElo "2189"]
[BlackElo "1862"]
[PlyCount "49"]
[EventDate "2019.11.14"]
[EventType "swiss"]
[EventRounds "7"]
[EventCountry "BRA"]
[SourceTitle "CBM 193 Extra"]
[Source "ChessBase"]
[SourceDate "2020.01.31"]
[SourceVersion "1"]
[SourceVersionDate "2020.01.31"]
[SourceQuality "1"]

1. Nf3 d5 2. b3 c5 3. e3 Nc6 4. Bb2 Nf6 5. Bb5 Bd7 6. 0-0 e6 7. d3 Be7 8. Nbd2 0-0 9. e4 dxe4 10. dxe4 Ne5 11. Nxe5 Bxb5 12. c4 Be8 13. Qc2 Nd7 14. Ng4 h5 15. Qc3 Bf6 16. Nxf6+ Qxf6 17. Qc2 Qe7 18. e5 Nb8 19. Ne4 Bc6 20. Nf6+ gxf6 21. exf6 Qd6 22. f4 e5 23. fxe5 Qe6 24. Rf5 Nd7 25. Rg5+ 1-0

[Event "Pocos de Caldas op"]
[Site "Pocos de Caldas"]
[Date "2018.03.04"]
[Round "6"]
[White "Trombini, Fabio"]
[Black "Mendes Domingues, Ribeiro Matheus"]
[Result "0-1"]
[WhiteElo "1895"]
[BlackElo "1723"]
[PlyCount "46"]
[EventDate "2018.03.02"]
[EventType "swiss"]
[EventRounds "6"]
[EventCountry "BRA"]
[SourceTitle "CBM 183 Extra"]
[Source "ChessBase"]
[SourceDate "2018.04.19"]
[SourceVersion "1"]
[SourceVersionDate "2018.04.19"]
[SourceQuality "1"]

1. b3 e5 2. Bb2 Nc6 3. e3 Nf6 4. c4 d5 5. cxd5 Nxd5 6. a3 Bd6 7. d3 Be6 8. Nf3 Qe7 9. Be2 0-0 10. Qc2 f5 11. Nbd2 Nf6 12. 0-0 Bf7 13. b4 Bg6 14. Nh4 Qe8 15. Nxg6 Qxg6 16. b5 Nd8 17. Nc4 Nf7 18. Nxd6 cxd6 19. Rac1 f4 20. exf4 exf4 21. Bf3 Ng5 22. Qc4+ Kh8 23. Qxf4 Nh3+ 0-1